000
00334nam a2200121Ia 4500
008
180117s9999 xx 000 0 und d
100
_a
by Samantha Isabel Coronado
245
4
_a
The Anatomy of a Millenial Traveler
260
_c
2016
300
_a
16-18 pages, 2016 January 24
440
_a
Philippine Panorama
650
_a
MILLENIAL
999
_c
353337
_d
353337